King of the castle : (Record no. 193648)

000 -LEADER
fixed length control field 00889 a2200217 4500
003 - CONTROL NUMBER IDENTIFIER
control field NUST
005 - DATE AND TIME OF LATEST TRANSACTION
control field 20221207153528.0
010 ## - LIBRARY OF CONGRESS CONTROL NUMBER
LC control number 78314992
020 ## - INTERNATIONAL STANDARD BOOK NUMBER
International Standard Book Number 0370300629
040 ## - CATALOGING SOURCE
Transcribing agency Nust
082 00 - DEWEY DECIMAL CLASSIFICATION NUMBER
Classification number 297,EAT
100 1# - MAIN ENTRY--PERSONAL NAME
Personal name Eaton, Gai,
9 (RLIN) 28517
245 10 - TITLE STATEMENT
Title King of the castle :
Remainder of title choice and responsibility in the modern world /
Statement of responsibility, etc. Gai Eaton.
260 ## - PUBLICATION, DISTRIBUTION, ETC.
Place of publication, distribution, etc. Lahore
Name of publisher, distributor, etc. Suhail Academy
Date of publication, distribution, etc. 1999
300 ## - PHYSICAL DESCRIPTION
Extent 219 p. :
Dimensions 23 cm.
505 ## - FORMATTED CONTENTS NOTE
Formatted contents note Introduction (Page-7), Unreal Cities (Page-23), The Cost Of Wealth (Page-43), Liberty And Obedience (Page-62), Man In Society (Page-88), Man As Viceroy (Page-114), Knowledge And Its Counterfeits (Page-142), The Only Heritage We Have (Page-165), What We Are And Where We Are (Page-184).
650 #0 - SUBJECT ADDED ENTRY--TOPICAL TERM
Topical term or geographic name entry element Civilization
General subdivision Philosophy.
9 (RLIN) 97599
650 #0 - SUBJECT ADDED ENTRY--TOPICAL TERM
Topical term or geographic name entry element Philosophy and religion.
9 (RLIN) 5586
650 #0 - SUBJECT ADDED ENTRY--TOPICAL TERM
Topical term or geographic name entry element Religion
General subdivision Philosophy.
9 (RLIN) 6168
942 ## - ADDED ENTRY ELEMENTS (KOHA)
Source of classification or shelving scheme
Koha item type Book
Call number prefix 297,EAT
Holdings
Withdrawn status Lost status Source of classification or shelving scheme Damaged status Not for loan Permanent Location Current Location Shelving location Date acquired Full call number Barcode Date last seen Price effective from Koha item type Public note
          Military College of Signals (MCS) Military College of Signals (MCS) General Stacks 12/12/2016 297,EAT MCS28062 12/08/2016 12/12/2016 Book Almirah No.47, Shelf No.1
© 2023 Central Library, National University of Sciences and Technology. All Rights Reserved.